Racionalizácia výrobného procesu

Salvato in:
Dettagli Bibliografici
Autore principale: Kučera, Tomáš, 1985- (Autore)
Altri autori: Václav, Štefan, 1976- (Relatore della tesi)
Natura: Manoscritto Libro
Lingua:slovacco
Pubblicazione: STU v Bratislave MTF UVTE KOM, 2010
Soggetti:
Accesso online:VAIS
Tags: Aggiungi Tag
Nessun Tag, puoi essere il primo ad aggiungerne!!

MARC

LEADER 00000ntm a22000003a 4500
001 stu206272
005 20160719160206.5
008 100702s2010------------------------slo-d
040 |a STU  |b slo 
041 0 |a slo 
100 1 |a Kučera, Tomáš,  |d 1985-  |4 aut  |X 32942  |7 A000032942 
242 0 0 |a Streamline the production process  |y eng 
245 1 |a Racionalizácia výrobného procesu 
260 |b STU v Bratislave MTF UVTE KOM,  |c 2010 
650 7 |a montáž  |2 stusub 
650 7 |a výrobné linky  |2 stusub 
650 7 |a automatizácia  |2 stusub 
650 7 |a humanizácia  |2 stusub 
650 7 |a ergonómia  |2 stusub 
650 7 |a production line  |2 estusub 
650 7 |a automation  |2 estusub 
650 7 |a humanization  |2 estusub 
700 1 |a Václav, Štefan,  |d 1976-  |4 ths  |u M3000  |U MTF Materiálovotechnologická fakulta  |T MTF Ústav výrobných technológií  |X 2778  |U M3000  |Y 83  |7 A000002778 
856 4 |a info a plný text  |u http://is.stuba.sk/zp/portal_zp.pl?podrobnosti=63347  |3 VAIS 
996 |c M*DP-9047  |l MMSKP  |s P  |a 0  |w stu206272_0001